000 00893nam a2200217Ia 4500
999 _c34450
_d34450
001 195
003 GE_BSU
005 20200421204007.0
008 181216s2009||||ge |||||||||||||| ||geo||
020 _a9789941907135
040 _cGE_BSU
041 _ageo
080 _a616–084(075.8) ვ–43
100 _aვეფხვაძე, ნ
_97944
245 _aპრევენციული მედიცინა :
_bსახელმძღვანელო /
_cნ. ვეფხვაძე.
264 _aთბილისი :
_bთბილისის სახელმწიფო სამედიცინო უნივერსიტეტის გამომცემლობა,
_c2009.
300 _a456 გვ.:
_c20 სმ.
653 _aპრევენციული მედიცინა
653 _aმედიცინა
942 _cBK
_2udc